=LDR 00000nam 2200000 4500 =001 INLIS000000000055130 =005 20200316073359 =035 ##$$a 0010-0320000237 =007 ta =008 200316###########################0###### =082 ##$$a 338.185 986 5 =084 ##$$a 338.185 986 5 Per p =245 ##$$a Pergulatan dari kancah : $b Kiprah kelompok pertanian, perikanan, kehutanan berprestasi di Nusa Tenggara Barat =300 ##$$a 144 halaman : $b ilustrasi ; $c 20 centimeter =700 #$$a Editor, Farid Tolomundu =600 #4$$a Pertanian-Penyuluhan-Nusa Tenggara Barat =740 ##$$a Pergulatan dari kancah: Kiprah Kelompok pertanian, perikanan, kehutanan berprestasi di Nusa Tenggara Barat =264 ##$$a Mataram :$b Badan Koordinasi Penyuluhan Provinsi NTB,$c 2016 =336 ##$$a buku$2 rdacontent =337 ##$$a lain-lain$2 rdamedia =338 ##$$a lain-lain$2 rdacarrier =990 ##$$a 35363536 =990 ##$$a 35373537 =990 ##$$a 102/47/2018 =990 ##$$a 3202003536 =990 ##$$a 102/47/2018 =990 ##$$a 102/47/2018 =990 ##$$a 05620562 =990 ##$$a 102/47/2018 =990 ##$$a 102/47/2018 =990 ##$$a 102/47/2018 =990 ##$$a 35393539 =990 ##$$a 102/47/2018 =990 ##$$a 102/47/2018 =990 ##$$a 102/47/2018 =990 ##$$a 102/47/2018 =990 ##$$a 35403540 =990 ##$$a 102/47/2018 =990 ##$$a 102/47/2018 =990 ##$$a 102/47/2018 =990 ##$$a 102/47/2018 =990 ##$$a 102/47/2018